tous les titres de menace Santana - Statistiques

Statistiques générales
  • Ce quiz a été pris 207 fois
    43 depuis la dernière actualisation
  • Le résultat moyen est 44 sur 101
Statistiques - réponses
Réponse % Correct
?
100%
???
100%
Boo !
85%
freestyle covid 1
82%
freestyle covid 2
82%
freestyle covid 3
82%
freestyle covid 4
79%
freestyle covid 5
76%
freestyle covid 6
76%
freestyle covid 10
73%
freestyle covid 13
73%
freestyle covid 15
73%
freestyle covid 16
73%
freestyle covid 7
73%
freestyle covid 8
73%
L'apprentie sorcière !
73%
freestyle covid 11
70%
freestyle covid 12
70%
freestyle covid 14
70%
freestyle covid 17
70%
freestyle covid 18
70%
freestyle covid 19
70%
Freestyle Covid 21
70%
freestyle covid 9
70%
Freestyle Covid 20
67%
Guapman
61%
Mauvais oeil !
61%
Va au diable !!
61%
Va au diable !
61%
Adrenalean
58%
Vengeance !
58%
MaDrug ?
55%
MaDrug
55%
Maracuja
55%
Michael Myers
55%
Skiboy
55%
Vendredi13Août2021
55%
vendredi13juin2025
55%
Boosk'Halloween
52%
Dans le noir !
52%
Six
52%
Vendredi13Mai2022
52%
Fanm Sé Dyab
48%
Halloween
48%
Into The Dark
48%
Intro
48%
Le son avant l'intro
48%
Quand le soleil se lèvera à l'ouest !
48%
Sex
48%
Uncensored
48%
1809
45%
FREDDY KRUEGER
45%
ChloroDrill
42%
Freestyle covIIId
42%
Freestyle Machete
42%
Ik Ga Je Dood Maken
42%
Neuf
42%
QLNT
42%
19 No Covid
39%
belek mS
39%
Démon démon !
39%
EnAttendantFCP3
39%
Freestyle Karma
39%
Le Cauchemar Continue
39%
This is the future
39%
Compton Most Wanted
36%
La petite voix !
36%
Shhh
36%
Drillin'
33%
3e rêve !
30%
Freestyle Rapleader
30%
Full menace
30%
Noir
30%
45 secondes
27%
#MajinBuu
27%
Il Etait Une Fois
24%
Sans fin !
24%
Fais un voeux !
21%
#GoldenFreezer
21%
Lean
21%
#PerfectCell
21%
la nuit j'me sens comme un super saiyan
15%
OCB
15%
Susan Mayer
15%
Potion du cauchemar
12%
O'gang
9%
1 minute
6%
Casper
6%
jaicellequetupréfères
6%
Loïc remy
6%
Méchant
6%
Ms13
6%
11 Rappeur à Suivre
3%
No corazòn
3%
ANTIHERO
0%
AOKIGAHARA
0%
JASON VOOHREES
0%
MAIS QUE FAIS SPIDERMAN ???
0%
Mayday Mayday
0%
N'AIE PAS PEUR
0%
Un crime passionnel
0%
Aucun quiz correspondant
Distribution des résultats
% des personnes avec chaque résultat
Percentile par nombre de réponses
Votre historique - résultats
Vous n’avez pas pris ce quiz depuis la dernière actualisation